000 02789cam a2200325 4500500
005 20260208003609.0
041 _afre
042 _adc
100 1 0 _aPalazzi, Stéphanie
_eauthor
700 1 0 _aIdir, Hocine
_eauthor
245 0 0 _aLes mineurs non accompagnés : des adolescents venus d’ailleurs, citoyens de demain
260 _c2021.
500 _a50
520 _aLes mineurs non accompagnés souhaitent avant tout coller à ce qu’ils perçoivent comme la demande de l’autre, qu’il s’agisse de ceux qui mandatent au pays ou des éducateurs du pays d’accueil. Cela rend difficile tout travail d’élaboration psychique qui imposerait de baisser la garde. Cette contribution expose le dispositif proposé par une consultation hospitalière transculturelle dite de deuxième ligne aux mineurs non accompagnés. La première rencontre est structurée de façon à permettre au jeune qui est reçu de se déprendre des assignations dont les jeunes migrants sont l’objet et de reprendre la parole en son nom. Dans un deuxième temps la psychothérapie permettra au jeune de travailler sur les effets psychiques du parcours migratoire traumatique et sur son histoire dans un mouvement d’aller-retour entre deux temps et deux cultures, avant de s’engager dans la construction d’une identité d’avenir. 
520 _aUnaccompanied minors want above all to stick to what they perceive to be the request of the Other, be they representatives of the state or teachers. This presents difficulties for any work of psychic elaboration that would require lowering one’s guard. This article explains the system proposed by a so-called second-line transcultural hospital consultation for unaccompanied minors. The first meeting is structured in such a way as to allow the young person to free himself from the assignments that young migrants are subjected to and to once again speak on his own behalf. Then, psychotherapy will allow the young person to work on the psychic effects of the traumatic migration journey and on his history in a back-and-forth movement between two timeframes and two cultures, before engaging in the construction of an identity for the future.
690 _aadolescence
690 _amigrant
690 _aMineurs non accompagnés
690 _apsychiatrie transculturelle
690 _apsychothérapie
690 _atrauma
690 _aadolescence
690 _amigrant
690 _apsychotherapy
690 _atranscultural psychiatry
690 _atrauma
690 _aUnaccompanied minors
786 0 _nNouvelle revue de psychosociologie | 31 | 1 | 2021-05-28 | p. 81-94 | 1951-9532
856 4 1 _uhttps://shs.cairn.info/revue-nouvelle-revue-de-psychosociologie-2021-1-page-81?lang=fr&redirect-ssocas=7080
999 _c1648437
_d1648437